[Event "GSF 75 aars jubilaeum Mester1 2008"]
[Site "Bagsvaerd"]
[Date "2008.06.10"]
[Round "7"]
[White "Brandstrup, Bo"]
[Black "Struch, Thomas"]
[Result "0-1"]
[WhiteElo "1969"]
[BlackElo "2035"]
[PlyCount "134"]
[EventDate "2008.??.??"]

1. d4 d5 2. Nf3 Nf6 3. c4 dxc4 4. g3 Bf5 5. Bg2 c6 6. O-O Nbd7 7. a4 h6 8. Na3
e6 9. Nxc4 Nb6 10. Nfe5 Nxc4 11. Nxc4 Be4 12. f3 Bh7 13. e4 Be7 14. Be3 O-O 15.
Qd2 Rc8 16. Rfd1 Nd7 17. Rac1 Nb6 18. b3 Kh8 19. a5 Na8 20. a6 b6 21. Ne5 Qe8
22. f4 f6 23. Nc4 Nc7 24. Qe2 Qd7 25. d5 cxd5 26. exd5 Nxd5 27. Bf2 Bc5 28.
Bxc5 Rxc5 29. b4 Rc7 30. Ne3 Rxc1 31. Rxc1 Nxb4 32. Qc4 Nd3 33. Rc3 Rd8 34. Bc6
Qd6 35. Be4 Bxe4 36. Qxe4 Nc5 37. Qc4 Qd4 38. Qxd4 Rxd4 39. Ra3 Rd3 40. Rxd3
Nxd3 41. Nc4 b5 42. Na5 Nc5 43. Nc6 Nxa6 44. Kf2 Nc5 45. Nxa7 b4 46. Ke3 b3 47.
Nb5 e5 48. fxe5 fxe5 49. Kd2 Kh7 50. Kc3 Kg6 51. Kc4 e4 52. Nc3 b2 53. Kd4 Kf5
54. h3 h5 55. Nb1 g5 56. Nc3 Nb3+ 57. Ke3 Nc5 58. Nb1 Ke5 59. Nc3 Nb3 60. Nb1
Na5 61. Na3 Kd5 62. Nb1 Nc4+ 63. Ke2 Kd4 64. Ke1 Kd3 65. Kd1 e3 66. g4 h4 67.
Ke1 Kc2 0-1

[Event "GSF 75 aars jubilaeum Mester1 2008"]
[Site "Bagsvaerd"]
[Date "2008.06.10"]
[Round "7"]
[White "Tjornsted, Peter"]
[Black "Nielsen, Jan Mose"]
[Result "0-1"]
[WhiteElo "1962"]
[BlackElo "2107"]
[PlyCount "20"]
[EventDate "2008.??.??"]

1. d4 Nf6 2. Nf3 e6 3. Bf4 c5 4. c3 cxd4 5. cxd4 Qb6 6. b3 Nc6 7. e3 Ne4 8. Bd3
g5 9. Bxg5 Nxg5 10. Nxg5 Qa5+ 0-1